00607nam a22001937a 4500003000900000005001700009008002800026020001800054040002500072082002700097245005000124260004700174300002900221490002700250500004500277650002500322650003000347650003600377DO-SdBPM20250522114827.0161205b201 sp a 00| 0 spa d a9786034026476 aDO-SdBPMbspacBPMSU 4a808.83bM618s 201022210aMi primer cuento :bEl soldadito de plomo c  a[Perú ] :bEditorial Didáctica, c2010 a[14] p. :bil.,;c29 cm.0 a Mi primer cuento v  3Promoviendo los valores para la niñez  4aCuentos infantiles  4aComprensión de lectura. 4aLibros ilustrados para niños